000 00415nam a2200181Ia 4500
001 2067
005 20260306143815.0
008 260306t1998||||xx |||||||||||||| ||spa||
041 _aESP
082 _a612
_bC97D
100 _aCheshire, Elizabeth,
_eAUT
245 0 _aAparato digestivo
260 _c1998
300 _aix, 191 páginas :
_c24 cm.
650 _aGEN
654 _aCPS
942 _cLIB
_dJUS
_fJUS
_2ddc
_n
999 _c2067
_d2067